guess the footballer by career - Statistics

General Stats
  • This quiz has been taken 54 times
  • The average score is 8 of 14
Answer Stats
Career Footballer % Correct
Fc Barcelona, PSG, Inter Miami Messi
100%
Sporting, Man Utd, Real Madrid, Juventus, Man Utd, AL Nassr Cristiano Ronaldo
98%
Ac Milan Maldini
89%
As Monaco, PSG, Real Madrid Mbappe
86%
As Roma Totti
86%
Santos, Fc Barcelona, PSG, AL Hilal, Santos Neymar
84%
Valencia, Atletico Madrid, Man City Rodri
70%
FC Groningen, Celtic, Southamton, Liverpool Van Dijk
64%
Man Utd, Preston NE, Real Madrid, Man Utd, Real Madrid, LA Galaxy, AC Milan, LA Galaxy, AC Milan, LA Galaxy, PSG Beckham
59%
Man Utd Ryan Giggs
48%
Bryne FK, Molde FK, Red Bull Salzburg, Borussia Dortmund Man City Halland
32%
Sporting Gijón, Real Madrid, Fc Barcelona Enrique
9%
Liverpool Jamie Carragher
5%
Lech Poznan, Borussia Dortmund, Bayern Monahium, Fc Barcelona Lewndowski
0%
No matching quizzes found
Score Distribution
Percent of People with Each Score
Percentile by Number Answered
Your Score History
You have not taken this quiz